Factors affecting business performance

Výkonnosti podniku a súvisiacim ukazovateľom merania výkonnosti sa v dnešnej dobe venuje široká pozornosť tak v literatúre ako aj v podnikateľskej praxi. Existuje množstvo ukazovateľov, ktoré sa pri využívajú na meranie výkonnosti podniku, otázkou však ostáva, ktoré sú tie najvhodnejšie a ktoré najl...

Ausführliche Beschreibung

Gespeichert in:
Bibliographische Detailangaben
1. Verfasser: Beslerová, Stela
Format: Buchkapitel
Sprache:Englisch
Schlagworte:
Tags: Tag hinzufügen
Keine Tags, Fügen Sie das erste Tag hinzu!

MARC

LEADER 00000naa a2200000 4500
001 0183961
005 20240502073142.9
041 0 |a eng 
044 |a SK 
245 1 0 |a Factors affecting business performance  |c Stela Beslerová 
520 |a Výkonnosti podniku a súvisiacim ukazovateľom merania výkonnosti sa v dnešnej dobe venuje široká pozornosť tak v literatúre ako aj v podnikateľskej praxi. Existuje množstvo ukazovateľov, ktoré sa pri využívajú na meranie výkonnosti podniku, otázkou však ostáva, ktoré sú tie najvhodnejšie a ktoré najlepšie odzrkadľujú skutočný stav sledovanej spoločnosti. Súčasťou hodnotenia výkonnosti je aj identifikácia významných faktorov, tak finančných ako aj nefinančných, ktoré na samotnú výkonnosť vplývajú. Identifikáciou týchto ukazovateľov je možné zaviesť v podniku potrebné opatrenia, ktoré následne môžu viesť k zvýšeniu celkovej výkonnosti a prosperity sledovanej spoločnosti. 
610 2 0 |a ukazovateľ EVA 
610 2 0 |a meranie výkonnosti 
610 2 0 |a ukazovatele výkonnosti 
610 2 0 |a výkonnosť podniku 
610 2 0 |a výkony podnikové 
100 1 |a Beslerová, Stela